Información General

Guardat en:
Dades bibliogràfiques
Autor corporatiu: Congreso de los Economistas del Tercer Mundo, II
Format: Text
Publicat: La Habana: Palacio de las Convenciones
Etiquetes: Afegir etiqueta
Sense etiquetes, Sigues el primer a etiquetar aquest registre!

MARC

LEADER 00000 a a2200000 04500
001 14050
003
040
090 |a 001200  
110 |a Congreso de los Economistas del Tercer Mundo, II  
245 |a Información General  
260 |a La Habana:   |b Palacio de las Convenciones  
300 |a 12 p  
999 |c 12444  |d 12444